| 000 | 00661cam a22001934a 4500 | ||
|---|---|---|---|
| 005 | 20250605164115.0 | ||
| 008 | 250528s ||||||||||||||||||||||||d | ||
| 035 | _a18071 | ||
| 020 | _a7032722 | ||
| 040 |
_aGR-AtMCL _bgre _dGR-AtMCL _eAACR2 |
||
| 245 | 1 | _aIntroduction to Economics and Business Enterprise | |
| 260 |
_bMcgraw Hill Book Company, _c1972 |
||
| 300 | _a58 | ||
| 520 | _aWhat is Different about Businessmen, The Need for Maximum Efficiency The Importance of Profits, A Businessman Among Many, Businessmen and Power Groups, The Allocation of Resources. | ||
| 700 | 1 |
_aBonnice Joseph G. _94354 |
|
| 942 | _cBK | ||
| 999 |
_c3458 _d3458 |
||